| 000 | 00626nam a2200181Ia 4500 | ||
|---|---|---|---|
| 008 | 100920s9999 xx 000 0 und d | ||
| 082 |
_b63074 _a61 थ 59 |
||
| 100 | _aकुळकर्णी भीमराव बळवंत. | ||
| 245 | _aसंभाषणकला. | ||
| 260 |
_bमॅजेस्टिक बुक स्टॉल, मुंबई. _c1959 |
||
| 300 |
_a120 _bसाधी |
||
| 365 | _b2 | ||
| 520 | _aस्थानिक वाचन. | ||
| 630 | _aसंभाषणकला. | ||
| 650 | _aस्थानिक वाचन. | ||
| 730 | _aसंभाषणकला. | ||
| 942 | _cBOOK | ||
| 999 |
_c706159 _d706156 |
||